000 00447nam a22001697a 4500
003 OSt
005 20260211152659.0
008 250614b |||||||| |||| 00| 0 eng d
020 _a978-1481112314
040 _cOutspan Global University
050 _aBF632
_b.K542011
100 _aKigwa, Stephen
_eAuthor
245 _aTop Positioning
_cby Stephen Kigwa
260 _aKenya:
_bIgnition To Recognition,
_cc2011.
300 _a72p
942 _2lcc
_cBK
_n0
999 _c438
_d438